| 000 | 00630cam a2200193 i 4500 | ||
|---|---|---|---|
| 005 | 20260405094141.0 | ||
| 008 | 250721s1994 jo gr 000 0 eng d | ||
| 041 |
_aara _ager |
||
| 100 | 1 |
_aKatimi, Yacoub Yossif _eAuthor. |
|
| 245 | 1 | 0 |
_aPETRA / _cYacoub Youssif Katimi. |
| 264 | 3 | 1 |
_aAMMAN : _bAL TAJ PTINTING PRESS, _c1994. |
| 300 | _a46 pages. | ||
| 500 | _aيحتوي الكتاب على صور ملونة و على خريطة جغرافية للبتراء | ||
| 650 | 1 | 7 | _aالأنباط. |
| 650 | 1 | 7 | _aالبتراء. |
| 650 | 1 | 7 | _aتاريخ الأردن. |
| 942 |
_2ddc _cBK |
||
| 999 |
_c105361 _d105361 |
||